000
00316 a2200145 4500
001
154418
040
_c
Escola São Tomás de Aquino
100
_a
CHILD, Lauren
240
1
0
_a
Charli e Lola
_l
por
245
1
0
_a
Charli e Lola
362
0
_a
2009
440
1
_a
Ática
697
_a
*LITERATURA INFANTIL
942
_c
BK
999
_c
154418
_d
154418